000
00245nam a2200097Ia 4500
008
190216s9999||||xx |||||||||||||| ||und||
100
_a
Venugopal K & Abdul Assis K
245
0
_a
Textile Vyavasayam
260
_b
Kerala Basha Inst
942
_c
BK
999
_c
37779
_d
37779